Perfect phrases for nrgotiating salary and job offers : Hundred of ready-to-use phrases to help you get the best possible salary, perks, or promotion

Đã lưu trong:
Sonraí Bibleagrafaíochta
Príomhúdar: DeLuca, Matthew J.
Formáid: Leabhar
Teanga:Undetermined
Foilsithe: New York, NY McGraw-Hill 2007
Ábhair:
Clibeanna: Cuir Clib Leis
Gan Chlibeanna, Bí ar an gcéad duine leis an taifead seo a chlibeáil!
Thư viện lưu trữ: Trung tâm Học liệu Trường Đại học Cần Thơ
LEADER 00752nam a2200217Ia 4500
001 CTU_127984
008 210402s9999 xx 000 0 und d
020 |c 162000 
082 |a 650.14 
082 |b L931 
100 |a DeLuca, Matthew J. 
245 0 |a Perfect phrases for nrgotiating salary and job offers : 
245 0 |b Hundred of ready-to-use phrases to help you get the best possible salary, perks, or promotion 
245 0 |c Matthew J. DeLuca and Nanette F. DeLuca 
260 |a New York, NY 
260 |b McGraw-Hill 
260 |c 2007 
650 |a Employment interviewing,Job offers,Employee fringe benefits,Negotiation in business 
650 |x Terminology 
904 |i Minh 
980 |a Trung tâm Học liệu Trường Đại học Cần Thơ